[Event "LSS RC-2010-0-00054"]
[Site "LSS email"]
[Date "2010.11.28"]
[Round "?"]
[White "Korinek, Jaroslav"]
[Black "Llorente Gonzalez, Jose Luis"]
[Result "1-0"]
[WhiteElo "1628"]
[BlackElo "1629"]
[PlyCount "21"]
[EventDate "2010.09.06"]
[EventType "tourn (corr)"]
[EventRounds "6"]
[EventCountry "GER"]
[SourceTitle "Corr 2013"]
[Source "ChessBase"]
[SourceDate "2012.11.12"]
[SourceVersion "1"]
[SourceVersionDate "2012.11.12"]
[SourceQuality "1"]

1. e4 c5 2. Nf3 d6 3. d4 cxd4 4. Nxd4 Nf6 5. Nc3 a6 6. Bc4 e6 7. 0-0 Be7 8. Qe2 0-0 9. Bb3 Bd7 10. Rd1 Qc7 11. a4 1-0

[Event "LSS RC-2010-0-00054"]
[Site "LSS email"]
[Date "2010.11.24"]
[Round "?"]
[White "Llorente Gonzalez, Jose Luis"]
[Black "Morcin, Tom"]
[Result "0-1"]
[WhiteElo "1629"]
[BlackElo "1846"]
[PlyCount "24"]
[EventDate "2010.09.06"]
[EventType "tourn (corr)"]
[EventRounds "6"]
[EventCountry "GER"]
[SourceTitle "Corr 2013"]
[Source "ChessBase"]
[SourceDate "2012.11.12"]
[SourceVersion "1"]
[SourceVersionDate "2012.11.12"]
[SourceQuality "1"]

1. e4 c5 2. Nf3 d6 3. d4 cxd4 4. Nxd4 Nf6 5. Nc3 g6 6. Be3 Bg7 7. f3 Nc6 8. Qd2 0-0 9. Bc4 Bd7 10. h4 Ne5 11. Bb3 Rc8 12. 0-0-0 h5 0-1

[Event "LSS RC-2010-0-00054"]
[Site "LSS email"]
[Date "2010.11.10"]
[Round "?"]
[White "Pott, Brian"]
[Black "Llorente Gonzalez, Jose Luis"]
[Result "1-0"]
[WhiteElo "1708"]
[BlackElo "1641"]
[PlyCount "37"]
[EventDate "2010.09.06"]
[EventType "tourn (corr)"]
[EventRounds "6"]
[EventCountry "GER"]
[SourceTitle "Telechess CBM 143"]
[Source "ChessBase"]
[SourceDate "2011.07.15"]
[SourceVersion "1"]
[SourceVersionDate "2011.07.15"]
[SourceQuality "1"]

1. e4 c5 2. Nf3 d6 3. d4 Nf6 4. Nc3 cxd4 5. Nxd4 a6 6. Bg5 e6 7. f4 Be7 8. Qf3 Qc7 9. 0-0-0 Nbd7 10. g4 b5 11. Bxf6 Nxf6 12. g5 Nd7 13. f5 Bxg5+ 14. Kb1 Ne5 15. Qh5 Bf6 16. Nxe6 Bxe6 17. fxe6 0-0 18. Nd5 Qd8 19. Bh3 1-0

[Event "CP-2010-P-00012"]
[Site "LSS email"]
[Date "2010.09.28"]
[Round "?"]
[White "Paetzold, Ortwin"]
[Black "Llorente Gonzalez, Jose Luis"]
[Result "1-0"]
[WhiteElo "1306"]
[BlackElo "1687"]
[PlyCount "93"]
[EventDate "2010.10.01"]
[EventType "tourn (corr)"]
[EventRounds "6"]
[EventCountry "GER"]
[SourceTitle "Telechess CBM 151"]
[Source "ChessBase"]
[SourceDate "2012.11.13"]
[SourceVersion "1"]
[SourceVersionDate "2012.11.13"]
[SourceQuality "1"]

1. Nf3 Nf6 2. g3 g6 3. Bg2 Bg7 4. 0-0 0-0 5. d3 c6 6. c4 d6 7. Nc3 Nbd7 8. Rb1 Rb8 9. b4 e5 10. Bg5 a6 11. a4 a5 12. b5 h6 13. Bxf6 Bxf6 14. Qc2 Qc7 15. e3 Nc5 16. Ne4 Nxe4 17. dxe4 cxb5 18. axb5 Be6 19. Rfc1 Rbc8 20. Bf1 b6 21. Nd2 Rfd8 22. Rb3 Qc5 23. Nf3 d5 24. exd5 Bxd5 25. Nd2 Qf8 26. Qb1 Be6 27. Ne4 Be7 28. Rd3 Rxd3 29. Bxd3 a4 30. Qa1 a3 31. Be2 Qg7 32. Qa2 Bf8 33. Nc3 e4 34. Nxe4 Qb2 35. Rc2 Qxa2 36. Rxa2 Kg7 37. Nc3 Bxc4 38. Bxc4 Rxc4 39. Nd5 Rc5 40. Nxb6 Rxb5 41. Nc4 Rc5 42. Nd2 Rc1+ 43. Kg2 Kf6 44. Kf3 Ke5 45. Ke2 Bb4 46. Nf3+ Kd5 47. Nd2 1-0

[Event "CP-2010-P-00012"]
[Site "LSS email"]
[Date "2010.09.28"]
[Round "?"]
[White "Valverde Lopez, Mario"]
[Black "Llorente Gonzalez, Jose Luis"]
[Result "0-1"]
[WhiteElo "1546"]
[BlackElo "1687"]
[PlyCount "64"]
[EventDate "2010.10.01"]
[EventType "tourn (corr)"]
[EventRounds "6"]
[EventCountry "GER"]
[SourceTitle "Telechess CBM 151"]
[Source "ChessBase"]
[SourceDate "2012.11.13"]
[SourceVersion "1"]
[SourceVersionDate "2012.11.13"]
[SourceQuality "1"]

1. Nh3 e5 2. g3 d5 3. Bg2 Nf6 4. 0-0 Bc5 5. c3 Nc6 6. b4 Bb6 7. b5 Ne7 8. d4 e4 9. Bg5 Ng6 10. a4 c6 11. bxc6 bxc6 12. Nf4 Nxf4 13. Bxf4 0-0 14. Nd2 Nh5 15. Be3 Rb8 16. Rb1 Ba6 17. Nb3 f5 18. Qd2 f4 19. gxf4 Qd6 20. Nc5 Bc4 21. Rfe1 g5 22. Qc2 gxf4 23. Bc1 f3 24. Rxb6 axb6 25. exf3 bxc5 26. fxe4 cxd4 27. cxd4 Nf4 28. e5 Qb4 29. Bd2 Qb2 30. Qxb2 Rxb2 31. Be3 Nd3 32. Ra1 Nxf2 0-1

[Event "LSS BI-2010-P-00019"]
[Site "LSS email"]
[Date "2010.04.19"]
[Round "?"]
[White "Oliveira, Diogo Luiz"]
[Black "Llorente Gonzalez, Jose Luis"]
[Result "1/2-1/2"]
[WhiteElo "2004"]
[BlackElo "1682"]
[PlyCount "101"]
[EventDate "2010.04.22"]
[EventType "tourn (corr)"]
[EventRounds "10"]
[EventCountry "GER"]
[SourceTitle "Telechess CBM 141"]
[Source "ChessBase"]
[SourceDate "2011.03.17"]
[SourceVersion "1"]
[SourceVersionDate "2011.03.17"]
[SourceQuality "1"]

1. Nf3 Nf6 2. c4 g6 3. Nc3 Bg7 4. d4 0-0 5. e4 d6 6. Be2 Nbd7 7. 0-0 e5 8. Qc2 Qe7 9. Rd1 exd4 10. Nxd4 Re8 11. Ndb5 Qd8 12. Be3 a6 13. Nd4 c5 14. Nf3 Qe7 15. Bg5 b6 16. Nd5 Qd8 17. Nxf6+ Bxf6 18. Bf4 Bb7 19. Rxd6 Bxe4 20. Qd2 Ra7 21. Rd1 Bf5 22. b3 Be7 23. Rd5 Qc8 24. Bh6 Bf8 25. Bg5 Qc6 26. h3 Nf6 27. Ne5 Qe6 28. Bxf6 Qxf6 29. Qf4 Bg7 30. Ng4 Qe7 31. Bf1 Bxg4 32. Qxg4 Bd4 33. g3 Qf6 34. Rd2 a5 35. Bd3 a4 36. bxa4 Rxa4 37. Kg2 Ra3 38. Qd7 Re1 39. Qd6 Kg7 40. h4 h5 41. Qxf6+ Bxf6 42. f3 Bc3 43. Rc2 f5 44. Rd7+ Kh6 45. Be2 Bd4 46. Re7 Rg1+ 47. Kh2 Rb1 48. g4 fxg4 49. fxg4 hxg4 50. Bxg4 Rg1 51. Re4 1/2-1/2

[Event "LSS BI-2010-P-00019"]
[Site "LSS email"]
[Date "2010.04.19"]
[Round "?"]
[White "Podvoysky, Evgeny Borisovich"]
[Black "Llorente Gonzalez, Jose Luis"]
[Result "1-0"]
[WhiteElo "2143"]
[BlackElo "1629"]
[PlyCount "89"]
[EventDate "2010.04.22"]
[EventType "tourn (corr)"]
[EventRounds "10"]
[EventCountry "GER"]
[SourceTitle "Corr 2013"]
[Source "ChessBase"]
[SourceDate "2012.11.12"]
[SourceVersion "1"]
[SourceVersionDate "2012.11.12"]
[SourceQuality "1"]

1. e4 c5 2. Nf3 d6 3. d4 Nf6 4. Nc3 cxd4 5. Nxd4 a6 6. Bg5 e6 7. f4 Be7 8. Qf3 Qc7 9. 0-0-0 Nbd7 10. g4 b5 11. Bxf6 Nxf6 12. g5 Nd7 13. f5 Bxg5+ 14. Kb1 0-0 15. fxe6 Nb6 16. Nd5 Nxd5 17. exd5 fxe6 18. Qg4 Bf6 19. Nxe6 Bxe6 20. dxe6 Be5 21. Bg2 Rac8 22. Qe2 g6 23. Bd5 Kg7 24. Rhf1 a5 25. a3 Qc5 26. Qe4 Rce8 27. Bb3 a4 28. Rxf8 Rxf8 29. Qb7+ Kh6 30. e7 Rc8 31. Qxc8 Qxc8 32. Bf7 Qg4 33. Re1 Qh4 34. Rxe5 dxe5 35. e8Q Qxh2 36. Qxb5 Qg1+ 37. Ka2 Qf2 38. Bg8 e4 39. Qxa4 e3 40. Qa7 Kg5 41. a4 h5 42. Bc4 Kh6 43. a5 Qd2 44. Qa8 Kg5 45. Bd3 1-0

[Event "LSS RC-2010-0-00040"]
[Site "LSS email"]
[Date "2010.03.13"]
[Round "?"]
[White "Agustin, Santos Etxepare"]
[Black "Llorente Gonzalez, Jose Luis"]
[Result "0-1"]
[WhiteElo "1642"]
[BlackElo "1622"]
[PlyCount "60"]
[EventDate "2010.02.06"]
[EventType "tourn (corr)"]
[EventRounds "6"]
[EventCountry "GER"]
[SourceTitle "Corr 2022"]
[Source "ChessBase"]
[SourceDate "2021.10.24"]
[SourceVersion "1"]
[SourceVersionDate "2021.10.24"]
[SourceQuality "1"]

1. e4 c5 2. Nf3 d6 3. d4 cxd4 4. Nxd4 Nf6 5. Nc3 a6 6. Be3 e6 7. f3 Be7 8. Qd2 0-0 9. Rd1 Qc7 10. Be2 e5 11. Nb3 Be6 12. Nd5 Nxd5 13. exd5 Bf5 14. c4 Nd7 15. 0-0 b6 16. Na1 Bf6 17. Nc2 Nc5 18. Nb4 a5 19. Nc6 g6 20. f4 exf4 21. Rxf4 Bg7 22. Rxf5 gxf5 23. Rf1 Ne4 24. Qc1 Rae8 25. Bd3 a4 26. Nd4 Nc5 27. Bb1 Kh8 28. Nxf5 Be5 29. Rf3 f6 30. Rh3 Rf7 0-1

[Event "LSS RC-2010-0-00040"]
[Site "LSS email"]
[Date "2010.03.09"]
[Round "?"]
[White "Llorente Gonzalez, Jose Luis"]
[Black "Langer, Rajmund"]
[Result "0-1"]
[WhiteElo "1629"]
[BlackElo "2129"]
[PlyCount "104"]
[EventDate "2010.02.06"]
[EventType "tourn (corr)"]
[EventRounds "6"]
[EventCountry "GER"]
[SourceTitle "Corr 2013"]
[Source "ChessBase"]
[SourceDate "2012.11.12"]
[SourceVersion "1"]
[SourceVersionDate "2012.11.12"]
[SourceQuality "1"]

1. e4 e5 2. f4 exf4 3. Bc4 Nf6 4. Nc3 c6 5. Nf3 b5 6. Bb3 b4 7. Ne2 Nxe4 8. 0-0 d5 9. Re1 Be7 10. Nxf4 0-0 11. d3 Nf6 12. Be3 Qc7 13. Qd2 Bg4 14. Nd4 Na6 15. Ba4 Bd7 16. Nb3 Bd6 17. g3 Ng4 18. Bd4 f6 19. Kh1 Rae8 20. Bg1 Ne5 21. Qf2 Ra8 22. Rab1 Bg4 23. h3 Bd7 24. Qf1 Rae8 25. Qg2 Qc8 26. g4 Qc7 27. Bh2 Kh8 28. Bg1 Nf7 29. Ne2 h5 30. Bh2 hxg4 31. hxg4 Nh6 32. Ned4 Bxh2 33. Qxh2 Qxh2+ 34. Kxh2 Nxg4+ 35. Kg3 Rxe1 36. Rxe1 Ne5 37. Nf3 Nxf3 38. Kxf3 Re8 39. Rc1 Rb8 40. c4 bxc3 41. Rxc3 Rb6 42. a3 g5 43. Na5 Rxb2 44. Bxc6 Bh3 45. Nb3 Nb8 46. Be8 Kg8 47. Nd4 Rb7 48. Rc5 Nd7 49. Rxd5 Kf8 50. Bh5 Ne5+ 51. Ke3 Re7 52. Be2 Nc6+ 0-1

[Event "LSS RC-2009-0-00034"]
[Site "LSS email"]
[Date "2009.12.20"]
[Round "?"]
[White "Sherwood, Russell"]
[Black "Llorente Gonzalez, Jose Luis"]
[Result "1-0"]
[WhiteElo "1686"]
[BlackElo "1683"]
[PlyCount "27"]
[EventDate "2009.08.21"]
[EventType "tourn (corr)"]
[EventRounds "6"]
[EventCountry "GER"]
[SourceTitle "Corr 2013"]
[Source "ChessBase"]
[SourceDate "2012.11.12"]
[SourceVersion "1"]
[SourceVersionDate "2012.11.12"]
[SourceQuality "1"]

1. d4 Nf6 2. c4 c5 3. d5 b5 4. Nf3 g6 5. cxb5 a6 6. b6 Qxb6 7. Nc3 Bg7 8. e4 d6 9. Nd2 0-0 10. Be2 Nbd7 11. 0-0 Ne5 12. h3 g5 13. Nc4 Nxc4 14. Bxc4 1-0

[Event "LSS ZI-2009-0-00569"]
[Site "LSS email"]
[Date "2009.11.25"]
[Round "?"]
[White "Avdeev, Sergey"]
[Black "Llorente Gonzalez, Jose Luis"]
[Result "1-0"]
[WhiteElo "1790"]
[BlackElo "1650"]
[PlyCount "53"]
[EventDate "2009.11.09"]
[EventType "match (corr)"]
[EventRounds "2"]
[EventCountry "GER"]
[SourceTitle "Corr 2013"]
[Source "ChessBase"]
[SourceDate "2012.11.12"]
[SourceVersion "1"]
[SourceVersionDate "2012.11.12"]
[SourceQuality "1"]

1. e4 c5 2. Nf3 d6 3. d4 cxd4 4. Nxd4 Nf6 5. Nc3 a6 6. Be3 e6 7. f3 Be7 8. Qd2 Nc6 9. 0-0-0 Qc7 10. g4 b5 11. Nxc6 Qxc6 12. h4 Bb7 13. Kb1 0-0 14. h5 b4 15. Ne2 a5 16. Nd4 Qc7 17. g5 Nd7 18. g6 Nf6 19. h6 fxg6 20. Nxe6 Qc6 21. Nxf8 Rxf8 22. Qd4 Ba6 23. Qa7 Bxf1 24. Qxe7 Rf7 25. Qd8+ Rf8 26. Qxd6 Qxd6 27. Rxd6 1-0

[Event "LSS ZI-2009-0-00569"]
[Site "LSS email"]
[Date "2009.11.25"]
[Round "?"]
[White "Llorente Gonzalez, Jose Luis"]
[Black "Avdeev, Sergey"]
[Result "0-1"]
[WhiteElo "1659"]
[BlackElo "1784"]
[PlyCount "48"]
[EventDate "2009.11.09"]
[EventType "match (corr)"]
[EventRounds "2"]
[EventCountry "GER"]
[SourceTitle "Corr 2013"]
[Source "ChessBase"]
[SourceDate "2012.11.12"]
[SourceVersion "1"]
[SourceVersionDate "2012.11.12"]
[SourceQuality "1"]

1. e4 c5 2. Nf3 d6 3. d4 cxd4 4. Nxd4 Nf6 5. Nc3 a6 6. Bg5 e6 7. f4 Qb6 8. Qd2 Qxb2 9. Rb1 Qa3 10. e5 dxe5 11. fxe5 h6 12. exf6 hxg5 13. fxg7 Bxg7 14. Be2 Qc5 15. Rd1 Nc6 16. Nxe6 Bxe6 17. Ne4 Qe5 18. Qxg5 f5 19. Nd6+ Kf8 20. Rf1 Nd4 21. Rxd4 Bf6 22. Rd5 Qa1+ 23. Kf2 Bxg5 24. Rxa1 Bxd5 0-1

[Event "LSS SC-2009-0-00044"]
[Site "LSS email"]
[Date "2009.10.17"]
[Round "?"]
[White "Llorente Gonzalez, Jose Luis"]
[Black "Basson, Heinrich"]
[Result "1/2-1/2"]
[WhiteElo "1744"]
[BlackElo "1726"]
[PlyCount "52"]
[EventDate "2009.09.05"]
[EventType "tourn (corr)"]
[EventRounds "6"]
[EventCountry "GER"]
[SourceTitle "Telechess CBM 137"]
[Source "ChessBase"]
[SourceDate "2010.07.15"]
[SourceVersion "1"]
[SourceVersionDate "2010.07.15"]
[SourceQuality "1"]

1. e4 e5 2. Nf3 Nc6 3. Bc4 Bc5 4. 0-0 Nf6 5. Nc3 0-0 6. d3 d6 7. h3 Be6 8. Bxe6 fxe6 9. Bg5 Qe8 10. Na4 Bb6 11. c3 Qg6 12. Bd2 Nh5 13. b4 Nf4 14. Bxf4 Rxf4 15. Nxb6 axb6 16. Kh2 Raf8 17. a4 Qh5 18. Ra2 R4f6 19. a5 bxa5 20. bxa5 Ra8 21. a6 bxa6 22. Qa4 Qe8 23. d4 Rf4 24. dxe5 a5 25. exd6 cxd6 26. Re1 Qc8 1/2-1/2

[Event "LSS SC-2009-0-00044"]
[Site "LSS email"]
[Date "2009.10.14"]
[Round "?"]
[White "Turner, Larry"]
[Black "Llorente Gonzalez, Jose Luis"]
[Result "0-1"]
[WhiteElo "1424"]
[BlackElo "1629"]
[PlyCount "20"]
[EventDate "2009.09.05"]
[EventType "tourn (corr)"]
[EventRounds "6"]
[EventCountry "GER"]
[SourceTitle "Corr 2015"]
[Source "ChessBase"]
[SourceDate "2015.07.17"]
[SourceVersion "1"]
[SourceVersionDate "2015.07.17"]
[SourceQuality "1"]

1. e4 c5 2. Nf3 d6 3. d4 cxd4 4. Nxd4 Nf6 5. Nc3 g6 6. Be3 Bg7 7. f3 0-0 8. Qd2 Nc6 9. 0-0-0 Bd7 10. g4 Rc8 0-1

[Event "LSS SC-2009-0-00044"]
[Site "LSS email"]
[Date "2009.10.12"]
[Round "?"]
[White "Petersen, Hans"]
[Black "Llorente Gonzalez, Jose Luis"]
[Result "1/2-1/2"]
[WhiteElo "1735"]
[BlackElo "1743"]
[PlyCount "74"]
[EventDate "2009.09.05"]
[EventType "tourn (corr)"]
[EventRounds "6"]
[EventCountry "GER"]
[SourceTitle "Telechess CBM 137"]
[Source "ChessBase"]
[SourceDate "2010.07.15"]
[SourceVersion "1"]
[SourceVersionDate "2010.07.15"]
[SourceQuality "1"]

1. d4 Nf6 2. c4 c5 3. d5 b5 4. cxb5 a6 5. bxa6 Bxa6 6. Nc3 g6 7. e4 Bxf1 8. Kxf1 d6 9. g3 Bg7 10. Kg2 0-0 11. Nf3 Nbd7 12. Re1 Ng4 13. Nd2 Nge5 14. Qe2 Nb6 15. f4 Ned7 16. Nc4 Nxc4 17. Qxc4 Qa5 18. Qd3 Rfb8 19. Re2 Rb4 20. Qc2 Rab8 21. Kh1 c4 22. Nd1 Qa6 23. a3 Rb3 24. Be3 Rxb2 25. Nxb2 Rxb2 26. Qxb2 Bxb2 27. Rxb2 c3 28. Rg2 Qd3 29. Bg1 Qxe4 30. a4 Nc5 31. Bxc5 dxc5 32. h4 Qxd5 33. Kh2 e5 34. fxe5 Qxe5 35. a5 c2 36. Rc1 c4 37. a6 Qa5 1/2-1/2

[Event "LSS RC-2009-0-00030"]
[Site "LSS email"]
[Date "2009.08.22"]
[Round "?"]
[White "Kis Kos, Laszlo"]
[Black "Llorente Gonzalez, Jose Luis"]
[Result "1-0"]
[WhiteElo "1687"]
[BlackElo "1617"]
[PlyCount "45"]
[EventDate "2009.05.16"]
[EventType "tourn (corr)"]
[EventRounds "6"]
[EventCountry "GER"]
[SourceTitle "Corr 2011"]
[Source "ChessBase"]
[SourceDate "2010.08.31"]
[SourceVersion "1"]
[SourceVersionDate "2010.08.31"]
[SourceQuality "1"]

1. e4 c5 2. Nf3 e6 3. d4 cxd4 4. Nxd4 Nf6 5. Nc3 Bb4 6. e5 Nd5 7. Qg4 Nxc3 8. Qxg7 Rf8 9. a3 Nb5+ 10. axb4 Nxd4 11. Bg5 Qb6 12. Bh6 Qxb4+ 13. c3 Nf5 14. cxb4 Nxg7 15. Bxg7 Rg8 16. Bf6 Nc6 17. b5 Nb4 18. Ra4 Nd5 19. Bh4 Nb6 20. Rd4 a6 21. bxa6 bxa6 22. f3 Nd5 23. Kf2 1-0

[Event "LSS RC-2009-0-00030"]
[Site "LSS email"]
[Date "2009.08.21"]
[Round "?"]
[White "Llorente Gonzalez, Jose Luis"]
[Black "Sherwood, Russell"]
[Result "1/2-1/2"]
[WhiteElo "1617"]
[BlackElo "1727"]
[PlyCount "36"]
[EventDate "2009.05.16"]
[EventType "tourn (corr)"]
[EventRounds "6"]
[EventCountry "GER"]
[SourceTitle "Corr 2011"]
[Source "ChessBase"]
[SourceDate "2010.08.31"]
[SourceVersion "1"]
[SourceVersionDate "2010.08.31"]
[SourceQuality "1"]

1. e4 c5 2. c3 Nf6 3. e5 Nd5 4. Nf3 e6 5. Bc4 d6 6. d4 cxd4 7. cxd4 Nc6 8. 0-0 Be7 9. Qe2 0-0 10. Rd1 Na5 11. b3 Bd7 12. Bxd5 exd5 13. Nc3 Be6 14. Ba3 Nc6 15. Rac1 a6 16. exd6 Bxd6 17. Bxd6 Qxd6 18. Ne5 Rac8 1/2-1/2

[Event "LSS RC-2009-0-00030"]
[Site "LSS email"]
[Date "2009.08.14"]
[Round "?"]
[White "Bokros, Janos"]
[Black "Llorente Gonzalez, Jose Luis"]
[Result "1-0"]
[WhiteElo "1865"]
[BlackElo "1617"]
[PlyCount "61"]
[EventDate "2009.05.16"]
[EventType "tourn (corr)"]
[EventRounds "6"]
[EventCountry "GER"]
[SourceTitle "Telechess CBM 137"]
[Source "ChessBase"]
[SourceDate "2010.07.15"]
[SourceVersion "1"]
[SourceVersionDate "2010.07.15"]
[SourceQuality "1"]

1. e4 c5 2. Nf3 d6 3. Bb5+ Nd7 4. Nc3 Ngf6 5. d4 cxd4 6. Qxd4 a6 7. Bxd7+ Bxd7 8. e5 dxe5 9. Qxe5 Bc6 10. Be3 e6 11. Rd1 Qb8 12. Qd4 b5 13. 0-0 Bxf3 14. gxf3 Be7 15. Bf4 Qb7 16. Bd6 0-0 17. Bxe7 Qxe7 18. Qd6 Qb7 19. Rd3 b4 20. Nd1 h6 21. Re1 Rad8 22. Qxd8 Rxd8 23. Rxd8+ Kh7 24. Rd4 Qxf3 25. Rxb4 Qd5 26. Kf1 Qh1+ 27. Ke2 Qxh2 28. Ra4 h5 29. Kd2 g5 30. Re2 Qg2 31. Nc3 1-0

[Event "LSS OP-2009-0-00884"]
[Site "LSS email"]
[Date "2009.06.24"]
[Round "?"]
[White "Goti, Javier"]
[Black "Llorente Gonzalez, Jose Luis"]
[Result "0-1"]
[WhiteElo "630"]
[BlackElo "1629"]
[PlyCount "32"]
[EventDate "2009.06.19"]
[EventType "tourn (corr)"]
[EventRounds "4"]
[EventCountry "GER"]
[SourceTitle "Corr 2015"]
[Source "ChessBase"]
[SourceDate "2015.07.17"]
[SourceVersion "1"]
[SourceVersionDate "2015.07.17"]
[SourceQuality "1"]

1. e4 c5 2. Nf3 d6 3. d4 cxd4 4. c3 Nf6 5. Bd3 Nc6 6. cxd4 d5 7. e5 Ne4 8. Be3 Qa5+ 9. Nbd2 Bg4 10. 0-0 Nxd2 11. Bxd2 Bxf3 12. Qxf3 Qxd2 13. b3 Nxd4 14. Bb5+ Nxb5 15. Rfd1 Nd4 16. Qxd5 Ne2+ 0-1

[Event "Oviedo op 3rd"]
[Site "Oviedo"]
[Date "2008.07.31"]
[Round "9"]
[White "Reno Chanca, Sergio"]
[Black "Llorente Gonzalez, Jose Luis"]
[Result "1-0"]
[WhiteElo "1912"]
[BlackElo "1572"]
[PlyCount "71"]
[EventDate "2008.07.23"]
[EventType "swiss"]
[EventRounds "9"]
[EventCountry "ESP"]
[SourceTitle "CBM 125 Extra"]
[Source "ChessBase"]
[SourceDate "2008.09.01"]
[SourceVersion "1"]
[SourceVersionDate "2008.09.01"]
[SourceQuality "1"]

1. Nf3 Nf6 2. g3 g6 3. Bg2 Bg7 4. c4 c5 5. Nc3 d6 6. 0-0 0-0 7. Rb1 Nc6 8. d3 Bg4 9. a3 a5 10. Bd2 Rc8 11. Nd5 Nxd5 12. cxd5 Bxf3 13. Bxf3 Ne5 14. Bg2 Nd7 15. b4 cxb4 16. axb4 axb4 17. Rxb4 b6 18. d4 Qc7 19. Qa4 Qb7 20. Rfb1 Ra8 21. Qc6 Qc8 22. e4 f6 23. Bf1 Ra2 24. Be3 Rc2 25. Qxc8 Rcxc8 26. Bb5 Nb8 27. Ba4 Na6 28. Rxb6 Nb8 29. Rb7 Kf7 30. Ra7 f5 31. Rbb7 Bh8 32. Rxe7+ Kg8 33. e5 dxe5 34. dxe5 Rfd8 35. d6 Rc4 36. Bb3 1-0

[Event "Oviedo op 3rd"]
[Site "Oviedo"]
[Date "2008.07.24"]
[Round "2"]
[White "Menendez Rodriguez, Higinio"]
[Black "Llorente Gonzalez, Jose Luis"]
[Result "1-0"]
[WhiteElo "1831"]
[BlackElo "1572"]
[PlyCount "55"]
[EventDate "2008.07.23"]
[EventType "swiss"]
[EventRounds "9"]
[EventCountry "ESP"]
[SourceTitle "CBM 125 Extra"]
[Source "ChessBase"]
[SourceDate "2008.09.01"]
[SourceVersion "1"]
[SourceVersionDate "2008.09.01"]
[SourceQuality "1"]

1. d4 Nf6 2. Nf3 g6 3. Bf4 Bg7 4. e3 0-0 5. h3 d6 6. Bd3 Nc6 7. 0-0 Re8 8. Bh2 e5 9. Be2 e4 10. Nfd2 d5 11. c4 Ne7 12. Nc3 c6 13. Rc1 Be6 14. cxd5 Nexd5 15. Na4 Rc8 16. Nc5 Qe7 17. Nc4 b6 18. Nxe6 Qxe6 19. Nd6 Red8 20. Nxc8 Rxc8 21. Qa4 Qd7 22. Rc2 Qb7 23. Ba6 Qa8 24. Bxc8 Qxc8 25. Qxc6 Qxc6 26. Rxc6 Nb4 27. Rc8+ Bf8 28. Bd6 1-0

[Event "Oviedo op 3rd"]
[Site "Oviedo"]
[Date "2008.07.23"]
[Round "1"]
[White "Llorente Gonzalez, Jose Luis"]
[Black "Fernandez Diez, Antonio Maria"]
[Result "0-1"]
[WhiteElo "1572"]
[BlackElo "2068"]
[PlyCount "76"]
[EventDate "2008.07.23"]
[EventType "swiss"]
[EventRounds "9"]
[EventCountry "ESP"]
[SourceTitle "CBM 125 Extra"]
[Source "ChessBase"]
[SourceDate "2008.09.01"]
[SourceVersion "1"]
[SourceVersionDate "2008.09.01"]
[SourceQuality "1"]

1. e4 c5 2. Nf3 Nc6 3. d4 cxd4 4. Nxd4 Qb6 5. c3 Nf6 6. Nxc6 dxc6 7. Qc2 e5 8. Be3 Bc5 9. Bxc5 Qxc5 10. Be2 Be6 11. Nd2 a5 12. a4 0-0 13. 0-0 Rfd8 14. Rad1 h6 15. h3 b5 16. b3 Rab8 17. Kh2 Nd7 18. Nf3 bxa4 19. bxa4 Bb3 20. Qd2 Bxd1 21. Rxd1 Qe7 22. Qa2 Nc5 23. Rf1 Nxe4 24. Qc4 Nd2 25. Nxd2 Rxd2 26. Bf3 Qd6 27. Be4 g6 28. g3 Kg7 29. Kg2 h5 30. h4 f5 31. Bb1 Qd5+ 32. Qxd5 cxd5 33. Re1 Kf6 34. Kf3 Rbb2 35. Rf1 Rb3 36. Ke3 Rdb2 37. Bd3 Rxc3 38. f3 d4# 0-1